Регионална библиотека "Любен Каравелов" - Русе

Декларация на московското съвещание на европейски държави за осигуряване на мира и безопасността в Европа (Запис номер 403752)

MARC детайли
000 -Лидер
Контролно поле с фиксирана дължина nam a22 a 4500
003 - Код на организацията, давaща контролен номер
Контролно поле BLK
005 - Дата и час на последна редакция
Контролно поле 20210330052206.0
008 - Елементи от данни с фиксирана дължина
fixed length control field 210329b bu |||||r|||| 00| | bu d
040 ## - Източник на каталожния запис
Идентификатор на билиотеката - собственик на записа BLK
041 ## - Код за език
Код за езика на текст/звукозапис или на отделно заглавие Български
Код за езика КДБФ Български
080 ## - УДК
Текстов определител УДК Дейност на международни и междудържавни организации
УДК код - определител по УДК 327.7
УДК - код + определител 327.7
139 ## - Редно поле
Редна дума Декларация на московското съвещание на европейски държави за осигуряване на мира и безопасността в Европа
245 ## - Сведения за заглавието
Заглавие Декларация на московското съвещание на европейски държави за осигуряване на мира и безопасността в Европа
260 ## - Област на издателските данни
9 (RLIN) 212206
Място на издаване, разпространение и проч. София
Име на издателя, разпространителя и проч. БКП
Година на издаване 1954
300 ## - Физическа характеристика
Страници 16 с.
Размери/Мащаб 20 см
380 ## - Жанр
Жанр Обществени науки
650 #7 - Допълнително описание по предмет – тема
9 (RLIN) 161809
Основно описание – тема или топоним Международни политически отношения
651 #0 - Допълнително описание по предмет - топоним
9 (RLIN) 244407
Географско понятие Европа
653 #7 - Ключова дума – ненормативна
9 (RLIN) 191110
Ключова дума мир
653 #7 - Ключова дума – ненормативна
9 (RLIN) 181764
Ключова дума безопасност
852 ## - Местоположение
Форматна сигнатура Цб 3.200.43535
Фондова буква Хранилище
999 ## - СИСТЕМНИ КОНТРОЛНИ НОМЕРА
Koha biblionumber 403752
Koha biblioitemnumber 403752
942 ## - АРТИКУЛИ
Вид на библиотечния материал Книги
Скрит в OPAC Не
Периодичен библиозапис Да
944 ## - СЪЗДАВАНЕ И РЕДАКЦИЯ на ЗАПИСА
Създаване/Редакция Създаване
Дата на регистрацията/редакция 2021-03-30
Служител, извършил регистрацията/редакцията Ренета Константинова
Наличности
Код за отписване Код за изгубен артикул Източник на класификационната схема Код за повреда Коз за рестрикции Код за отдаване Артикулен № Име на библиотеката - собственик Име на библиотеката, в която се намира в момента Статус (Текущо местоположение) Дата на вписване в системата Местоположение - отдел Цена в лева Инвентарен номер Систематично азбучна сигнатура Баркод Цена в евро Служебен тип на артикула
  Не е изгубен Universal Decimal Classification Не е повреден само за читалня ползва се в читалня 820690 Регионална библиотека "Любен Каравелов" Русе Регионална библиотека "Любен Каравелов" Русе Хранилище 2021-04-08 Основен фонд - ползва се само за читалня 0.02 153/55 Цб 3.200.43535 900000051841 0.01 Книги
Vip Innovations Ltd, Rousse, Bulgaria 2025